| 000 | 00387nam a2200145Ia 4500 | ||
|---|---|---|---|
| 008 | 220217s9999||||xx |||||||||||||| ||und|| | ||
| 020 | _a9780070648241 | ||
| 082 | _a510 ROS | ||
| 100 | _aRosen, Kenneth H | ||
| 245 | 0 | _aDiscreet Mathematics and Its Applications | |
| 250 | _a6 | ||
| 260 |
_aTata mcgraw hill _bNew delhi _c2010 |
||
| 300 |
_axxi;933 _b460 |
||
| 650 | _aMATHEMATICS | ||
| 999 |
_c182374 _d182374 |
||